000 00485nam a2200097Ia 4500
008 170517s9999 xx 000 0 und d
245 _aFast Food Baby
300 _aOur junk food addiction is dropping alarmingly down the age ladder and we are now rearing a generation of fast food babies. This arresting documentary reveals babies and toddlers eating a diet of chips, burgers and kebabs, all washed...
650 _xTechnology.
856 _uhttp://topdocumentaryfilms.com/fast-food-baby/
999 _c335031
_d335031